| Tag |
First Indicator |
Second Indicator |
Subfields |
| LEADER |
00000cam a2200000 a 4500 |
| 001 |
in00002783958 |
| 005 |
20151202171821.0 |
| 008 |
111104s2012 njuabf b 001 0 eng |
| 010 |
|
|
|a 2011045697
|
| 016 |
7 |
|
|a 016117537
|2 Uk
|
| 020 |
|
|
|a 9780691152905 (alk. paper)
|
| 020 |
|
|
|a 069115290X (alk. paper)
|
| 024 |
8 |
|
|a 40021292709
|
| 035 |
|
|
|a (OCoLC)ocn761383853
|
| 040 |
|
|
|a DLC
|b eng
|c DLC
|d YDX
|d BTCTA
|d ERASA
|d BDX
|d UKMGB
|d YDXCP
|d OCLCO
|d BWX
|d VP@
|d PUL
|d ABG
|d COO
|d CDX
|d YUS
|d STF
|d UtOrBLW
|
| 042 |
|
|
|a pcc
|
| 043 |
|
|
|a e------
|a ff-----
|a aw-----
|
| 049 |
|
|
|a TXAM
|
| 050 |
0 |
0 |
|a BR162.3
|b .B77 2012
|
| 082 |
0 |
0 |
|a 270.2
|2 23
|
| 100 |
1 |
|
|a Brown, Peter,
|d 1935-
|
| 245 |
1 |
0 |
|a Through the eye of a needle :
|b wealth, the fall of Rome, and the making of Christianity in the West, 350-550 AD /
|c Peter Brown.
|
| 264 |
|
1 |
|a Princeton :
|b Princeton University Press,
|c [2012]
|
| 264 |
|
4 |
|c ©2012
|
| 300 |
|
|
|a xxx, 759 pages, 16 unnumbered pages of plates :
|b illustrations (some color), maps ;
|c 25 cm.
|
| 336 |
|
|
|a text
|b txt
|2 rdacontent
|
| 337 |
|
|
|a unmediated
|b n
|2 rdamedia
|
| 338 |
|
|
|a volume
|b nc
|2 rdacarrier
|
| 504 |
|
|
|a Includes bibliographical references (pages 641-717) and index.
|
| 505 |
0 |
|
|a Wealth, Christianity, and giving at the end of an ancient world. Aurea aetas : wealth in an age of gold ; Mediocritas : the social profile of the Latin Church, 312-ca. 370 ; Amor civicus = Love of the city : wealth and its uses in an ancient world; "Treasure in heaven" : wealth in the Christian Church -- An age of affluence. Symmachus : being noble in fourth-century Rome ; Avidus civicae gratiae = Greedy for the good favor of the city : Symmachus and the people of Rome ; Ambrose and his people ; "Avarice, the root of all evil" : Ambrose and Northern Italy ; Augustine : spes saeculi : careerism, patronage, and religious bonding, 354-384 ; From Milan to Hippo : Augustine and the making of a religious community, 384-396 ; "The life in common of a kind of divine and heavenly republic: : Augustine on public and private in a monastic community ; Ista vero saecularia = Those things, indeed, of the world : Ausonius, villas, and the language of wealth ; Ex opulentissimo divite = From being rich as rich can be : Paulinus of Nola and the renunciation of wealth, 389-395 ; Commercium spirituale = The spiritual exchange : Paulinus of Nola and the poetry of wealth ,395-408 ; Propter magnificentiam urbis Romae = By reason of the magnificence of the city of Rome : the Roman rich and their clergy, from Constantine to Damasus, 312-384 ; "To sing the Lord's song in a strange land" : Jerome in Rome, 382-385 ; Between Rome and Jerusalem : women, patronage, and learning, 385-412 -- An age of crisis. "The eye of a needle" and "The treasure of the soul" : renunciation, nobility, and the Sack of Rome, 405-413 ; Tolle divitem = Take away the rich : the Pelagian criticism of wealth ; Augustine's Africa : people and Church ; "Dialogues with the crowd" : the rich, the people, and the city in the sermons of Augustine ; "Dimitte nobis debita nostra" = Forgive us our sins : Augustine, wealth, and Pelagianism, 411-417 ; "Out of Africa" : wealth, power, and the churches, 415-430 ; "Still at that time a more affluent Empire" : the crisis of the West in the fifth century -- Aftermaths. Among the saints : Marseilles, Arles, and Lérins, 400-440 ; Romana respublica vel iam mortua = With the empire now dead and gone : Salvian and his Gaul, 420-450 ; Ob Italiae securitatem = For the security of Italy : Rome and Italy, ca. 430-ca. 530 -- Toward another world. Patrimonia pauperum = Patrimonies of the poor : wealth and conflict in the churches of the sixth century ; Servator fidei, patriaeque semper amator = Guardian of the Faith, and always lover of (his) homeland : wealth and piety in the sixth century.
|
| 650 |
|
0 |
|a Church history
|y Primitive and early church, ca. 30-600.
|
| 650 |
|
0 |
|a Wealth
|x Religious aspects
|x Christianity
|x History.
|
| 651 |
|
0 |
|a Rome
|x History
|y Empire, 284-476.
|
| 948 |
|
|
|a cataloged
|b h
|c 2012/12/14
|d c
|e ceaton
|f 2:33:46 pm
|
| 994 |
|
|
|a C0
|b TXA
|
| 999 |
|
|
|a MARS
|
| 999 |
f |
f |
|s 339aef51-b82b-3142-9e27-2dfa834c87aa
|i dacbe6d3-1078-3260-9d12-5d5c4e3e38d2
|t 0
|
| 952 |
f |
f |
|p normal
|a Texas A&M University
|b College Station
|c Sterling C. Evans Library
|d Evans: Library Stacks
|t 0
|e BR162.3 .B77 2012
|h Library of Congress classification
|i unmediated -- volume
|m A14841623424
|
| 998 |
f |
f |
|a BR162.3 .B77 2012
|t 0
|l Evans: Library Stacks
|